STATISTICS FOR MANAGEMENT (Record no. 24330)

MARC details
000 -LEADER
fixed length control field 00247nam a22001217a 4500
003 - CONTROL NUMBER IDENTIFIER
control field SGT
082 ## - DEWEY DECIMAL CLASSIFICATION NUMBER
Classification number 658.4
Item number KEL
100 ## - MAIN ENTRY--PERSONAL NAME
Personal name KELLER,GERALD
245 ## - TITLE STATEMENT
Title STATISTICS FOR MANAGEMENT
250 ## - EDITION STATEMENT
Edition statement 1ST
260 ## - PUBLICATION, DISTRIBUTION, ETC. (IMPRINT)
Place of publication, distribution, etc CANGAGE LEARNING
942 ## - ADDED ENTRY ELEMENTS (KOHA)
Source of classification or shelving scheme Dewey Decimal Classification
Koha item type CDs & DVDs
Holdings
Withdrawn status Lost status Source of classification or shelving scheme Damaged status Not for loan Home library Current library Date acquired SGTU Total Checkouts Full call number Accession No. (Barcode) Date last seen Bill Date Koha item type
    Dewey Decimal Classification     SGT Science & Social Sciences Library SGT Science & Social Sciences Library 20/07/2023 SGTU   658.4 KEL ACD41 20/07/2023 20/07/2023 CDs & DVDs